000 00862nam a22002057a 4500
999 _c17897
_d17897
003 AR-CdUCM
008 190312b ||||| |||| 00| 0 spa d
040 _aMUNICIPALIDAD PROVINCIAL DEL CUSCO
_cBIBLIOTECA MUNICIPAL DEL CUSCO
082 _a985.054 /
_bD48
100 _aDelgado, Luis Humberto
_916656
245 _aGuerra entre el Perú y España 1866 :
_bDe la historia del general Mariano Ignacio Prado con documentos originales e inéditos /
260 _aLima :
_bAriel editores,
_c1965.
300 _a168 páginas ;
_bImagenes.
_c20 cm.
505 _aContenido : Revolución contra Pezet -- General Diez Canseco se hace cargo del mando supremo -- Juicio del general Pedro A. Heredia...
650 _aEpopeya del 2 de mayo
_938126
650 _aRevolución del Perú
_938127
650 _aGuerra con España
_938128
942 _2ddc
_cLIBROS
945 _arcc